000 01843nam0a2200337 i 4500
001 RU\NLR\BIBL_A\012154719
005 20240921204429.0
010 _a9785001360421
_910000
021 _aRU
_b2019-82791
_9КН-П-6011
035 _a(RuMoRGB)010142520
035 _a(NLR Aleph) 012154719
090 _a12161927
_c12161927
100 _a20191204d2019 um y0rusy50 ca
101 0 _arus
102 _aRU
105 _aa|||z|||000zy
200 1 _aПодготовка к обучению грамоте детей с задержкой психического развития в 1 классе
_eметодические рекомендации, программа и тематическое планирование к УМК "Обучение грамоте" для общеобразовательных организаций, реализующих АООП НОО обучающихся с задержкой психического развития в соответствии с ФГОС НОО детей с ОВЗ
_fР. Д. Тригер
210 _aМосква
_cВладос
_d2019
215 _a79 с.
_cил., табл.
_d21
225 1 _aАООП НОО для обучающихся с ЗПР
320 _aБиблиогр.: с. 58 и в подстроч. примеч.
333 _a16+
606 1 _aДети с задержкой психического развития
_jМетодические пособия
_xОбучение грамоте
_92498804
_3RU\NLR\AUTH\661482188
610 0 _aобучение грамоте
610 0 _aрусский язык в коррекционной школе
686 1 _aЧ435.613.1(2)0я8
700 1 _aТригер
_bР. Д.
_gРашель Давыдовна
942 _cBOOK
980 _aNBR